Ocel a konstruktér : Soubor prací
Na minha lista:
| Formato: | Livro |
|---|---|
| Idioma: | tcheco |
| Publicado em: |
Praha :
Technicko-vědecké vydavatelství,
1952
|
| Assuntos: | |
| Tags: |
Sem tags, seja o primeiro a adicionar uma tag!
|
MARC
| LEADER | 00000nam a22000003a 4500 | ||
|---|---|---|---|
| 001 | stu40104 | ||
| 005 | 20150408180536.2 | ||
| 008 | 930405s1952----cs------------------cze-d | ||
| 040 | |a STU |b slo | ||
| 041 | 0 | |a cze | |
| 044 | |a cs | ||
| 080 | |a 669.14 | ||
| 245 | |a Ocel a konstruktér : |b Soubor prací | ||
| 260 | |a Praha : |b Technicko-vědecké vydavatelství, |c 1952 | ||
| 300 | |a 358 s | ||
| 650 | 7 | |a oceľ |2 stusub | |
| 996 | |b 284M020083 |c M*3652-1 |l MMKN |s A |a 24 |w stu40104_0001 | ||